000 00750nam a2200217 a 4500
001 000016795
005 20240415140329.0
008 100310s1965 dr 000 0 spa d
040 _aDO-SdBNP
_bspa
_cBNPHU
082 _a351
_bB142a
100 1 _aBáez Ortíz, Bolivar
_937223
245 1 0 _aAdministración tributaria /
_cBolivar Báez Ortíz.
260 _aSanto Domingo :
_bDirección General de Impuestos Internos,
_c1965.
300 _a101 p. ;
_c22 cm.
504 _aBibliográfia : p. 103-107
590 _aLa biblioteca posee 1 ejemplar autografiado por el autor
590 _aInventariado,2018/DG
650 0 _aAdministración pública
_99266
650 4 _aImpuestos
_xAdministración
_916071
910 _aValidado. Control de calidad MFF
999 _c16327
_d16327